El glaciarismo cuaternario de la Serrota (Ávila) / (Record no. 185297)

MARC details
000 -LEADER
campo de control de longitud fija 00843nam a2200193 i 4500
001 - NÚMERO DE CONTROL
campo de control 185297
003 - IDENTIFICADOR DE NÚMERO DE CONTROL
campo de control ES-MaACL
005 - FECHA Y HORA DE LA ÚLTIMA TRANSACCIÓN
campo de control 20250805063324.0
008 - DATOS DE LONGITUD FIJA--INFORMACIÓN GENERAL
campo de control de longitud fija 160510s1934 sp |||| | spa d
100 1# - ENTRADA PRINCIPAL--NOMBRE DE PERSONA
Nombre de persona Hernández-Pacheco, Francisco,
Fechas asociadas al nombre 1899-1976
9 (RLIN) 63010
245 13 - MENCIÓN DEL TÍTULO
Título El glaciarismo cuaternario de la Serrota (Ávila) /
Mención de responsabilidad, etc. por Francisco Hernández-Pacheco y Carlos Vidal y Box.
260 ## - PUBLICACIÓN, DISTRIBUCIÓN, ETC.
Lugar de publicación, distribución, etc. Madrid :
Nombre del editor, distribuidor, etc. Museo de Ciencias Naturales,
Fecha de publicación, distribución, etc. 1934.
300 ## - DESCRIPCIÓN FÍSICA
Extensión 53 p., lám. I-XX, 1 map. ;
Dimensiones 27 cm.
594 ## - Nota al título y mención de responsabilidad
Nota al título y mención de responsabilidad Precede al tít.: Junta para la Ampliación de Estudios e Investigaciones Científicas. Comisión de Investigaciones Geográficas, Geológicas y Prehistóricas.
650 #4 - PUNTO DE ACCESO ADICIONAL DE MATERIA--TÉRMINO DE MATERIA
Término de materia o nombre geográfico como elemento de entrada Glaciares-
Subdivisión geográfica Gredos (España, Sierra)
9 (RLIN) 142225
700 0# - ENTRADA AGREGADA--NOMBRE PERSONAL
Nombre de persona Vidal Box, Carlos.
9 (RLIN) 114469
852 ## - LOCALIZACIÓN
Ubicación ES-MaACL
Número de control de estantería 1591-F-11
Holdings
Estatus retirado Estado de pérdida Estado de daño No para préstamo Colección Biblioteca de origen Biblioteca actual Ubicación en estantería Fecha de adquisición Fuente de adquisición Total de préstamos Signatura topográfica completa Código de barras Visto por última vez Precio de reemplazo Tipo de ítem Koha
        Colección de folletos Biblioteca del Ateneo de Madrid Biblioteca del Ateneo de Madrid Depósito folletos 10/05/2016     1591-F-11 1195224 23/02/2023 23/02/2023 Folleto